00437nam a2200181Ia 4500008004100000041001200041082000800053082001100061100001800072100001600090100001100106245004000117260001400157260003500171260000900206300001500215365002500230150909s9999 xx 000 0 und d aEnglish a658 bSOL/IN aPringle J J  aSolomon E  eAuthor aIntoduction to financial management aNew Delhi bPrentice-hall of India Pvt Ltd c1978 a614 Pages aRs.39